Statistics for Every Town in Suffolk

Click here to take the quiz!

General Stats

  • This quiz has been taken 1,095 times
  • The average score is 14 of 25

Answer Stats

First letterTown% Correct
IIpswich
91%
BBury St Edmunds
85%
FFelixstowe
75%
LLowestoft
75%
SStowmarket
72%
WWoodbridge
71%
AAldeburgh
70%
SSudbury
65%
SSouthwold
62%
FFramlingham
61%
NNewmarket
58%
BBeccles
55%
HHadleigh
54%
NNeedham Market
54%
BBungay
51%
HHaverhill
49%
LLeiston
48%
EEye
46%
SSaxmundham
46%
KKesgrave
40%
HHalesworth
38%
MMildenhall
36%
CClare
25%
BBrandon
22%
CCarlton Colville
6%

Score Distribution

Percentile by Number Answered

Percent of People with Each Score

Your Score History

You have not taken this quiz